Pays les plus proches de l'Ouganda - Statistiques

Statistiques générales
  • Ce quiz a été pris 39 fois
  • Le résultat moyen est 17 sur 20
Statistiques - réponses
km pays % Correct
1287 Rép dém Congo
97%
0 Congo
94%
1231 Mozambique
94%
666 Somalie
94%
589 Soudan
94%
0 Soudan du Sud
94%
195 Éthiopie
91%
0 Kenya
91%
0 Tanzanie
91%
1154 Érythrée
88%
414 République Centrafricaine
88%
0 Rwanda
88%
95 Burundi
85%
816 Zambie
85%
1143 Djibouti
82%
942 Malawi
82%
1205 Tchad
82%
1522 Cameroun
70%
1091 Angola
61%
1397 Yémen
45%
Aucun quiz correspondant
Distribution des résultats
% des personnes avec chaque résultat
Percentile par nombre de réponses
Votre historique - résultats
Vous n’avez pas pris ce quiz